| 000 | 00421 a2200157 4500 | ||
|---|---|---|---|
| 005 | 20260427153716.0 | ||
| 008 | 260427b |||||||| |||| 00| 0 eng d | ||
| 020 | _a9788119144068 | ||
| 080 |
_aFM _bRAG/PA |
||
| 100 | _aRaghunath,P | ||
| 245 | _aPathirakinnar(പാതിരാക്കിണർ) | ||
| 260 |
_bSPCS _aKottayam _c2023 |
||
| 300 | _a176p. | ||
| 653 | _aFiction-Novel-Malayalam Literature | ||
| 942 | _cBK | ||
| 999 |
_c115501 _d115500 |
||